00500nam a2200181 a 450000100060000000300090000600800410001502000150005604000280007108200190009924500380011826000520015630000090020849000180021765000120023565000300024765000410027720302CO-ViMGA141112s2004 ck r 000 u spa d a9589520995 aCO-ViMGAbspacCO-ViMGA04a808.8385 C835c10aCuentos Perversos : bAntología aBogotá : bComún presencia Editores, c2003 a153p aLos Conjuados14aCUENTOS14aEROTISMO EN LA LITERATURA14aRELACIONES SEXUALES EN LA LITERATURA